|
|
|
|
| LEADER |
00000nab a2200000 a 4500 |
| 001 |
vtls000420887 |
| 003 |
SK-MaSNL |
| 005 |
20260303210816.0 |
| 008 |
160204c1991 xo 0 slo |
| 015 |
|
|
|a SNBRB19rr/mm-uuuuu
|
| 035 |
|
|
|a CL0421015
|
| 040 |
|
|
|a SNKBUCL
|b slo
|c SNKBUCL
|e AACR2
|
| 041 |
0 |
|
|a slo
|
| 044 |
|
|
|a xo
|c SK
|
| 080 |
|
|
|a 929.6:736.3:911.375.4:622(091)
|2 1981
|
| 080 |
|
|
|a 736.3
|2 1981
|
| 080 |
|
|
|a 911.375.4
|2 1981
|
| 080 |
|
|
|a 622(091)
|2 1981
|
| 100 |
1 |
|
|a Žifčák, František,
|d 1951-
|4 aut
|9 235507
|
| 245 |
1 |
0 |
|a Symbolika erbov a pečatí spišských banských miest
|c František Žifčák
|
| 300 |
|
|
|b Obr. 12., lit. 6 zázn. v slov.
|
| 650 |
0 |
7 |
|a erby
|2 snkbucl
|9 18910
|
| 650 |
0 |
7 |
|a pečate
|2 snkbucl
|9 3056
|
| 650 |
0 |
7 |
|a banské mestá
|2 snkbucl
|9 66950
|
| 651 |
|
7 |
|a Spiš (Slovensko : región)
|2 snkbucl
|9 17692
|
| 655 |
|
7 |
|a články z novín a časopisov
|2 snkbucl
|9 267496
|
| 773 |
0 |
|
|t Vlastivedný časopis
|g Roč. 40, č. 1 (1991), s. 32-35
|
| 850 |
|
|
|a Slovenská národná knižnica v Martine
|a MTA001
|
| 852 |
|
|
|a SNK
|b KIS3GCP
|
| 958 |
|
|
|a NB
|
| 958 |
|
|
|a RK
|
| 992 |
|
|
|a RBX
|
| 999 |
|
|
|c 2201867
|d 2203797
|